| 000 | 01093nam0a22002651 4500 | ||
|---|---|---|---|
| 001 | rc\2214620 | ||
| 005 | 20250623002043.0 | ||
| 035 | _a(NLR Aleph) 006488617 | ||
| 090 |
_a6108742 _c6108742 |
||
| 100 | _a20110829d1978 |||y0rusy50 ca | ||
| 101 | 0 | _arus | |
| 102 | _aRU | ||
| 105 | _aa z ||||| | ||
| 200 | 1 |
_aПроизводство свинины на промышленной основе _e[Сб. статей] |
|
| 210 |
_aПодольск _cБ. и. _d1978 |
||
| 215 |
_a132 с. _cил. _d22 |
||
| 225 | 1 |
_aВопросы механизации, технологии и строительства в животноводстве _iТруды _fВсерос. н.-и. и проект.-технол. ин-т механизации животноводства (ВНИИМЖ) _vТ. 13 |
|
| 300 | _aНа обл. только загл. сер. | ||
| 300 | _aВ надзаг. также: М-во с.-х. РСФСР | ||
| 320 | _aБиблиогр. в конце статей | ||
| 801 | 0 |
_aRU _bNLR _gpsbo |
|
| 801 | 1 |
_aRU _bELAR _2rusmarc |
|
| 852 |
_aNLR _jП13/1376 |
||
| 942 | _cBOOK | ||
| 980 | _aNB | ||